Cancionero del ánfora / (Record no. 172336)

MARC details
000 -LEADER
campo de control de longitud fija 00798nam a22002175i 4500
001 - NÚMERO DE CONTROL
campo de control 172336
003 - IDENTIFICADOR DE NÚMERO DE CONTROL
campo de control ES-MaACL
005 - FECHA Y HORA DE LA ÚLTIMA TRANSACCIÓN
campo de control 20230906214858.0
008 - DATOS DE LONGITUD FIJA--INFORMACIÓN GENERAL
campo de control de longitud fija 090625s2008 sp |||| | spa d
080 ## - NÚMERO DE LA CLASIFICACIÓN DECIMAL UNIVERSAL
Número de la Clasificación Decimal Universal 821.134.2-14"19"
100 1# - ENTRADA PRINCIPAL--NOMBRE DE PERSONA
Nombre de persona Benito de Lucas, Joaquín.
9 (RLIN) 27672
245 10 - MENCIÓN DEL TÍTULO
Título Cancionero del ánfora /
Mención de responsabilidad, etc. Joaquín Benito de Lucas ; ilustraciones Amparo Ruiz de Luna ; epílogo Abraham Madroñal Durán.
260 ## - PUBLICACIÓN, DISTRIBUCIÓN, ETC.
Lugar de publicación, distribución, etc. Talavera de la Reina :
Nombre del editor, distribuidor, etc. Ediciones 77,
Fecha de publicación, distribución, etc. 2008.
300 ## - DESCRIPCIÓN FÍSICA
Extensión 47 p. :
Otras características físicas il. ;
Dimensiones 21 cm.
490 1# - MENCIÓN DE SERIE
Mención de serie Cuadernos de Calixto ;
Designación de volumen o secuencia 3
700 1# - ENTRADA AGREGADA--NOMBRE PERSONAL
Nombre de persona Ruiz de Luna, Amparo.
9 (RLIN) 140854
700 1# - ENTRADA AGREGADA--NOMBRE PERSONAL
Nombre de persona Madroñal Durán, Abraham.
9 (RLIN) 75368
830 1# - PUNTO DE ACCESO ADICIONAL DE SERIE-TÍTULO UNIFORME
Título uniforme Cuadernos de Calixto ;
Designación de volumen o secuencia 3
9 (RLIN) 223302
852 4# - LOCALIZACIÓN
Ubicación ES-MaACL
Número de control de estantería 2252-F-1
Nota libre - Dedicatoria autógrafa del autor
Holdings
Estatus retirado Estado de pérdida Estado de daño No para préstamo Colección Biblioteca de origen Biblioteca actual Ubicación en estantería Fecha de adquisición Fuente de adquisición Total de préstamos Signatura topográfica completa Código de barras Visto por última vez Precio de reemplazo Tipo de ítem Koha
        Colección de folletos Biblioteca del Ateneo de Madrid Biblioteca del Ateneo de Madrid Depósito folletos 25/06/2009     2252-F-1 1180851 23/02/2023 23/02/2023 Folleto